Biografía del licenciado en farmacia D. Ramón Ruiz y Gómez : (Record no. 166001)

MARC details
000 -LEADER
campo de control de longitud fija 00880nam a22001815i 4500
001 - NÚMERO DE CONTROL
campo de control 166001
003 - IDENTIFICADOR DE NÚMERO DE CONTROL
campo de control ES-MaACL
005 - FECHA Y HORA DE LA ÚLTIMA TRANSACCIÓN
campo de control 20230906213238.0
008 - DATOS DE LONGITUD FIJA--INFORMACIÓN GENERAL
campo de control de longitud fija 000118s1868 sp |||| |bspa d
080 ## - NÚMERO DE LA CLASIFICACIÓN DECIMAL UNIVERSAL
Número de la Clasificación Decimal Universal 929 Ruiz y Gómez, Ramón
100 1# - ENTRADA PRINCIPAL--NOMBRE DE PERSONA
Nombre de persona Talegón, Juan Gualberto.
9 (RLIN) 133107
245 10 - MENCIÓN DEL TÍTULO
Título Biografía del licenciado en farmacia D. Ramón Ruiz y Gómez :
Resto del título escrita en virtud de acuerdo del Colegio de Farmacéuticos de Madrid y leída el 21 de agosto de 1868, en la sesión pública del aniversario 131 de su institución oficial /
Mención de responsabilidad, etc. por D. Juan Guadalberto Talegón.
260 ## - PUBLICACIÓN, DISTRIBUCIÓN, ETC.
Lugar de publicación, distribución, etc. Madrid :
Nombre del editor, distribuidor, etc. [s.n.],
Fecha de publicación, distribución, etc. 1868 (
Fabricante Imp. de J.M. Ducazcal)
300 ## - DESCRIPCIÓN FÍSICA
Extensión 46 p. ;
Dimensiones 28 cm.
600 14 - PUNTO DE ACCESO ADICIONAL DE MATERIA--NOMBRE DE PERSONA
Nombre de persona Ruiz Gómez, Ramón.
9 (RLIN) 100825
710 2# - ENTRADA AGREGADA--NOMBRE DE ENTIDAD CORPORATIVA
Nombre de entidad corporativa o nombre de jurisdicción como elemento de entrada Colegio de Farmacéuticos de Madrid.
9 (RLIN) 134261
852 4# - LOCALIZACIÓN
Ubicación ES-MaACL
Número de control de estantería T-98-F-8
Nota libre - Enc. hol., falto de la enc. original
-- - Enc. en un vol. facticio
Holdings
Estatus retirado Estado de pérdida Estado de daño No para préstamo Colección Biblioteca de origen Biblioteca actual Ubicación en estantería Fecha de adquisición Total de préstamos Signatura topográfica completa Código de barras Visto por última vez Precio de reemplazo Tipo de ítem Koha
        Colección de folletos Biblioteca del Ateneo de Madrid Biblioteca del Ateneo de Madrid Depósito folletos 17/01/2008   T-98-F-8 1174091 23/02/2023 23/02/2023 Folleto